宇都宮市の公立小学校 - Statistics

General Stats
  • This quiz has been taken 35 times
  • The average score is 36 of 69
Answer Stats
小学校名 % Correct
中央
81%
陽東
76%
清原北
71%
71%
平石中央
71%
横川東
71%
岡本
67%
清原中央
67%
城山西
67%
雀宮中央
67%
西
67%
陽南
67%
横川中央
67%
清原東
62%
清原南
62%
白沢
62%
城山東
62%
瑞穂野南
62%
62%
横川西
62%
今泉
57%
泉が丘
57%
岡本北
57%
篠井
57%
城山中央
57%
雀宮南
57%
豊郷中央
57%
富士見
57%
瑞穂野北
57%
ゆいの杜
57%
石井
52%
岡本西
52%
国本中央
52%
国本西
52%
五代
52%
雀宮東
52%
田原
52%
戸祭
52%
52%
平石北
52%
御幸
52%
上河内西
48%
上河内東
48%
上戸祭
48%
姿川中央
48%
宝木
48%
豊郷北
48%
瑞穂台
48%
緑が丘
48%
宮の原
48%
上河内中央
43%
43%
城東
43%
昭和
43%
姿川第一
43%
豊郷南
43%
細谷
43%
御幸が原
43%
明保
43%
簗瀬
43%
姿川第二
38%
富屋
38%
西原
38%
田原西
33%
陽光
33%
海道
29%
晃宝
29%
新田
29%
西が岡
29%
No matching quizzes found
Score Distribution
Percent of People with Each Score
Percentile by Number Answered
Your Score History
You have not taken this quiz